000 00212nam a2200097Ia 4500
008 170619s9999 xx 000 0 und d
100 _aVahid- Frank
245 0 _aDigital Design
260 _bWiley-India
260 _c2012
546 _aENGLISH
999 _c20385
_d20385